[Event "Florianopolis op 10th"]
[Site "Florianopolis"]
[Date "2024.01.27"]
[Round "9"]
[White "Caetano, Ryan Wesley da Cost"]
[Black "Dias, Anderson Tatsch"]
[Result "1-0"]
[WhiteElo "2184"]
[BlackElo "2058"]
[PlyCount "83"]
[EventDate "2024.01.20"]
[EventType "swiss"]
[EventRounds "10"]
[EventCountry "BRA"]
[SourceTitle "CB05_2024"]
[SourceDate "2024.01.31"]
[SourceVersion "1"]
[SourceVersionDate "2024.01.31"]
[SourceQuality "1"]

1. d4 Nf6 2. c4 g6 3. Nc3 d5 4. cxd5 Nxd5 5. Bd2 Bg7 6. e4 Nb6 7. Be3 0-0 8. h3 Be6 9. Nf3 Bc4 10. Be2 Nc6 11. d5 Bxe2 12. Qxe2 Ne5 13. Nd2 e6 14. f4 Qh4+ 15. Kd1 Ned7 16. dxe6 fxe6 17. g4 a6 18. Kc2 Qe7 19. h4 Nc5 20. h5 Nca4 21. Nxa4 Nxa4 22. e5 Qb4 23. Rab1 g5 24. a3 Qe7 25. Rbf1 gxf4 26. Bxf4 Qc5+ 27. Kb1 Qb6 28. Ne4 Qxb2+ 29. Qxb2 Nxb2 30. Nf6+ Bxf6 31. exf6 Rxf6 32. g5 Rf5 33. Bxc7 Nc4 34. Rxf5 exf5 35. Ka2 Rc8 36. Bf4 Kf7 37. a4 b5 38. Rb1 Rc5 39. Rd1 Ke6 40. Rd8 bxa4 41. g6 hxg6 42. h6 1-0

[Event "Florianopolis op 10th"]
[Site "Florianopolis"]
[Date "2024.01.23"]
[Round "5"]
[White "Caetano, Ryan Wesley da Cost"]
[Black "Perdomo, Leandro Daniel"]
[Result "0-1"]
[WhiteElo "2184"]
[BlackElo "2382"]
[PlyCount "92"]
[EventDate "2024.01.20"]
[EventType "swiss"]
[EventRounds "10"]
[EventCountry "BRA"]
[SourceTitle "CB05_2024"]
[SourceDate "2024.01.31"]
[SourceVersion "1"]
[SourceVersionDate "2024.01.31"]
[SourceQuality "1"]

1. d4 Nf6 2. c4 g6 3. Nc3 Bg7 4. e4 d6 5. Nf3 0-0 6. Be2 e5 7. 0-0 Nc6 8. d5 Ne7 9. Ne1 Nd7 10. Nd3 f5 11. f3 Nf6 12. b4 f4 13. c5 g5 14. a4 Ng6 15. a5 Rf7 16. b5 Bf8 17. c6 h5 18. cxb7 Bxb7 19. Kh1 Rg7 20. Nf2 Bc8 21. Rg1 Kh8 22. g3 Be7 23. Nd3 Qg8 24. gxf4 gxf4 25. Bd2 Bd7 26. Qc2 Qh7 27. Nf2 Rag8 28. Raf1 Nh4 29. Qd1 Ng2 30. Qc1 h4 31. Ncd1 Nh5 32. Ng4 Ng3+ 33. hxg3 Rxg4 34. gxf4 Rg3 35. Nf2 h3 36. Ng4 Bxg4 37. fxg4 Qxe4 38. Qc4 Qxc4 39. Bxc4 R8xg4 40. Be2 Rg8 41. fxe5 dxe5 42. Rf7 Bd6 43. Rf6 R8g6 44. Rxg6 Rxg6 45. Bf3 Kg7 46. Bxg2 Bc5 0-1

[Event "Criciuma op-A"]
[Site "Criciuma"]
[Date "2024.01.16"]
[Round "6"]
[White "Borges, Guilherme Deola"]
[Black "Caetano, Ryan Wesley da Cost"]
[Result "1/2-1/2"]
[WhiteElo "2142"]
[BlackElo "2184"]
[PlyCount "26"]
[EventDate "2024.01.12"]
[EventType "swiss"]
[EventRounds "9"]
[EventCountry "BRA"]
[SourceTitle "CB04_2024"]
[SourceDate "2023.10.16"]
[SourceVersion "1"]
[SourceVersionDate "2023.10.16"]
[SourceQuality "1"]

1. c4 e6 2. Nf3 d5 3. e3 Nf6 4. Nc3 Be7 5. b3 0-0 6. Bb2 c5 7. cxd5 exd5 8. d4 Ne4 9. Bd3 cxd4 10. Nxd4 Bb4 11. Qc2 Qa5 12. Rc1 Nd7 13. 0-0 Ndf6 1/2-1/2

[Event "Criciuma op-A"]
[Site "Criciuma"]
[Date "2024.01.12"]
[Round "1"]
[White "Spritzer, Abrao Rafael"]
[Black "Caetano, Ryan Wesley da Cost"]
[Result "0-1"]
[WhiteElo "1811"]
[BlackElo "2184"]
[PlyCount "66"]
[EventDate "2024.01.12"]
[EventType "swiss"]
[EventRounds "9"]
[EventCountry "BRA"]
[SourceTitle "CB04_2024"]
[SourceDate "2023.10.16"]
[SourceVersion "1"]
[SourceVersionDate "2023.10.16"]
[SourceQuality "1"]

1. e4 c5 2. c3 Nf6 3. e5 Nd5 4. d4 cxd4 5. cxd4 d6 6. Nf3 Nc6 7. exd6 Qxd6 8. Nc3 Bg4 9. Be2 e6 10. 0-0 Be7 11. Re1 0-0 12. Ne5 Bxe2 13. Rxe2 Rad8 14. Nxc6 Qxc6 15. Qb3 Bf6 16. Be3 Bxd4 17. Nb5 Bxe3 18. fxe3 Qc5 19. Kh1 Nf6 20. Nc3 Rd7 21. Rf1 Rfd8 22. e4 Qe5 23. Qa4 a6 24. Qc2 b5 25. a3 h5 26. g3 a5 27. Qb3 Rb8 28. Qc2 Rd4 29. Rfe1 Rc8 30. Qb1 Ng4 31. Rd1 b4 32. Rxd4 Qxd4 33. Nd1 Rd8 0-1

[Event "Florianopolis 6th"]
[Site "Florianopolis"]
[Date "2023.11.20"]
[Round "6"]
[White "Piccoli, Lucas Fonseca"]
[Black "Caetano, Ryan Wesley da Cost"]
[Result "1/2-1/2"]
[WhiteElo "2225"]
[BlackElo "2235"]
[PlyCount "52"]
[EventDate "2023.11.17"]
[EventType "tourn"]
[EventRounds "9"]
[EventCountry "BRA"]
[SourceTitle "CB49_2023"]
[SourceDate "2023.12.06"]
[SourceVersion "1"]
[SourceVersionDate "2023.12.06"]
[SourceQuality "1"]

1. e4 c5 2. Nf3 d6 3. d4 cxd4 4. Nxd4 Nf6 5. Nc3 a6 6. Be2 e5 7. Nb3 Be6 8. Be3 Be7 9. Nd5 Nbd7 10. Qd3 0-0 11. 0-0 Bxd5 12. exd5 b6 13. a4 Qc7 14. c4 Rab8 15. Nc1 Nc5 16. Qa3 a5 17. Na2 Qd7 18. Nc3 Ng4 19. Bd2 f5 20. Nb5 Nf6 21. b4 axb4 22. Bxb4 Ne8 23. Bxc5 dxc5 24. a5 Nd6 25. a6 Nxb5 26. cxb5 Bd6 1/2-1/2

[Event "BRA-ch U26"]
[Site "Joinville"]
[Date "2023.10.13"]
[Round "6"]
[White "Caetano, Ryan Wesley da Cost"]
[Black "Filgueiras, Nathan Felipe"]
[Result "1/2-1/2"]
[WhiteElo "2235"]
[BlackElo "2331"]
[PlyCount "40"]
[EventDate "2023.10.09"]
[EventType "swiss"]
[EventRounds "6"]
[EventCountry "BRA"]
[SourceTitle "Mega2024 Update 01"]
[Source "Chessbase"]
[SourceDate "2023.11.12"]
[SourceVersion "1"]
[SourceVersionDate "2023.11.12"]
[SourceQuality "1"]

1. e4 c5 2. Nf3 e6 3. Nc3 Nc6 4. d4 cxd4 5. Nxd4 Nf6 6. Ndb5 Bb4 7. Bf4 Nxe4 8. Qf3 d5 9. Nc7+ Kf8 10. Nxa8 e5 11. Bd2 Nd4 12. Qd1 Qh4 13. g3 Qf6 14. Nxe4 Nf3+ 15. Ke2 Nd4+ 16. Ke1 Nf3+ 17. Ke2 Nd4+ 18. Ke1 Nf3+ 19. Ke2 Nd4+ 20. Ke1 Nf3+ 1/2-1/2

[Event "BRA-ch U26"]
[Site "Joinville"]
[Date "2023.10.12"]
[Round "5"]
[White "Da Silva, Lucas Pereira Mende"]
[Black "Caetano, Ryan Wesley da Cost"]
[Result "0-1"]
[WhiteElo "1974"]
[BlackElo "2235"]
[PlyCount "69"]
[EventDate "2023.10.09"]
[EventType "swiss"]
[EventRounds "6"]
[EventCountry "BRA"]
[SourceTitle "Mega2024 Update 01"]
[Source "Chessbase"]
[SourceDate "2023.11.12"]
[SourceVersion "1"]
[SourceVersionDate "2023.11.12"]
[SourceQuality "1"]

1. e4 c5 2. Nf3 d6 3. d4 cxd4 4. Nxd4 Nf6 5. Nc3 a6 6. Rg1 g6 7. Bc4 Bg7 8. Bb3 0-0 9. f3 Nc6 10. Be3 Bd7 11. Qd2 b5 12. g4 Na5 13. Bh6 b4 14. Nce2 Nxb3 15. axb3 e5 16. Nf5 Bxf5 17. Bxg7 Kxg7 18. gxf5 d5 19. Qxb4 dxe4 20. fxe4 a5 21. Qa4 Kh8 22. Rg3 Nh5 23. Rh3 Qg5 24. Rd1 Rae8 25. Rf3 Qh4+ 26. Rf2 Nf6 27. Ng3 Ng4 28. Re2 Nxh2 29. Rd3 Rd8 30. Qb5 Rxd3 31. Qxd3 Ng4 32. Qf3 gxf5 33. exf5 Rg8 34. Re4 Nh2 35. Kf2 0-1

[Event "Caioba op 7th"]
[Site "Caioba"]
[Date "2023.06.22"]
[Round "6"]
[White "Ermel, Francisco Roberto"]
[Black "Caetano, Ryan Wesley da Cost"]
[Result "0-1"]
[WhiteElo "2060"]
[BlackElo "2247"]
[PlyCount "60"]
[EventDate "2023.06.18"]
[EventType "swiss"]
[EventRounds "9"]
[EventCountry "BRA"]
[SourceTitle "CBM 214 Extra"]
[Source "ChessBase"]
[SourceDate "2023.07.31"]
[SourceVersion "1"]
[SourceVersionDate "2023.07.31"]
[SourceQuality "1"]

1. e4 c5 2. Nf3 d6 3. d4 cxd4 4. Nxd4 Nf6 5. Nc3 a6 6. g3 e5 7. Nb3 Be7 8. Bg2 0-0 9. 0-0 Be6 10. h3 Nbd7 11. Be3 b5 12. Qd2 Qc7 13. Rac1 Nb6 14. Bxb6 Qxb6 15. Nd5 Bxd5 16. exd5 a5 17. c3 Nd7 18. Kh2 Rac8 19. Na1 h5 20. Nc2 h4 21. g4 f5 22. gxf5 Rxf5 23. f4 Rcf8 24. fxe5 Bg5 25. Qd3 Nxe5 26. Qe4 Rf4 27. Qe2 Rf2 28. Rxf2 Rxf2 29. Qd1 Bxc1 30. Qxc1 Nf3+ 0-1

[Event "Caioba op 7th"]
[Site "Caioba"]
[Date "2023.06.21"]
[Round "5"]
[White "Caetano, Ryan Wesley da Cost"]
[Black "Kulkamp, Victor Silva"]
[Result "1-0"]
[WhiteElo "2247"]
[BlackElo "1816"]
[PlyCount "47"]
[EventDate "2023.06.18"]
[EventType "swiss"]
[EventRounds "9"]
[EventCountry "BRA"]
[SourceTitle "CBM 214 Extra"]
[Source "ChessBase"]
[SourceDate "2023.07.31"]
[SourceVersion "1"]
[SourceVersionDate "2023.07.31"]
[SourceQuality "1"]

1. e4 d5 2. exd5 Nf6 3. d4 Nxd5 4. c4 Nf6 5. Nf3 Bf5 6. Be2 e6 7. 0-0 Be7 8. Nc3 c6 9. Bf4 0-0 10. Nh4 Bg6 11. Nxg6 hxg6 12. Qd2 Nbd7 13. Rad1 Nb6 14. Qc2 Qd7 15. a3 a5 16. Qb3 Bd8 17. a4 Bc7 18. Be5 Qe7 19. f4 Bxe5 20. fxe5 Qb4 21. Qc2 Nfd7 22. c5 Nc4 23. Na2 Ne3 24. Nxb4 1-0

[Event "Caioba Rapid op 7th"]
[Site "Caioba"]
[Date "2023.06.18"]
[Round "5"]
[White "Perdomo, Leandro Daniel"]
[Black "Caetano, Ryan Wesley da Cost"]
[Result "1-0"]
[WhiteElo "2389"]
[BlackElo "2247"]
[PlyCount "47"]
[EventDate "2023.06.17"]
[EventType "swiss (rapid)"]
[EventRounds "11"]
[EventCountry "BRA"]
[SourceTitle "CBM 214 Extra"]
[Source "ChessBase"]
[SourceDate "2023.07.31"]
[SourceVersion "1"]
[SourceVersionDate "2023.07.31"]
[SourceQuality "1"]

1. d4 Nf6 2. c4 g6 3. Nc3 Bg7 4. e4 d6 5. f3 0-0 6. Be3 Nc6 7. Nge2 a6 8. Qd2 Na5 9. Ng3 b5 10. Bh6 c5 11. d5 Re8 12. Bxg7 Kxg7 13. Nd1 e6 14. Ne3 bxc4 15. Qc3 Kg8 16. dxe6 Bxe6 17. 0-0-0 Nd7 18. Rxd6 Qc7 19. Rxd7 Qxd7 20. Qxa5 Red8 21. Bxc4 Bxc4 22. Nxc4 Qd4 23. Qc3 Qf2 24. Ne3 1-0

[Event "Caioba Rapid op 7th"]
[Site "Caioba"]
[Date "2023.06.18"]
[Round "11"]
[White "Sunye Neto, Jaime"]
[Black "Caetano, Ryan Wesley da Cost"]
[Result "0-1"]
[WhiteElo "2420"]
[BlackElo "2247"]
[PlyCount "75"]
[EventDate "2023.06.17"]
[EventType "swiss (rapid)"]
[EventRounds "11"]
[EventCountry "BRA"]
[SourceTitle "CBM 214 Extra"]
[Source "ChessBase"]
[SourceDate "2023.07.31"]
[SourceVersion "1"]
[SourceVersionDate "2023.07.31"]
[SourceQuality "1"]

1. c4 Nf6 2. Nc3 g6 3. e4 d6 4. d4 Bg7 5. Bd3 0-0 6. Nge2 e5 7. d5 a5 8. f3 Na6 9. Be3 Nd7 10. 0-0 f5 11. exf5 gxf5 12. f4 Nf6 13. h3 e4 14. Bc2 c6 15. Qd2 c5 16. Bf2 Qe7 17. Rae1 Bd7 18. Ba4 Rae8 19. Bxd7 Qxd7 20. a3 Nc7 21. b3 Rb8 22. a4 Na6 23. Na2 b6 24. Bh4 Nb4 25. Nxb4 axb4 26. Kh2 Kh8 27. Ng3 Ng8 28. Qe2 Ne7 29. Nh5 Bd4 30. Bf2 Bc3 31. Rc1 Ng6 32. Rxc3 bxc3 33. Qe3 Qf7 34. Qxc3+ Kg8 35. Be3 h6 36. Bc1 Ne5 37. fxe5 Qxh5 38. e6 0-1

[Event "Florianopolis op 9th"]
[Site "Florianopolis"]
[Date "2023.01.28"]
[Round "9"]
[White "Caetano, Ryan Wesley da Cost"]
[Black "Almeida Junior, Alvaro Alves de"]
[Result "1/2-1/2"]
[WhiteElo "2240"]
[BlackElo "2045"]
[PlyCount "70"]
[EventDate "2023.01.23"]
[EventType "swiss"]
[EventRounds "10"]
[EventCountry "BRA"]
[SourceTitle "CBM 212 Extra"]
[Source "ChessBase"]
[SourceDate "2023.03.31"]
[SourceVersion "1"]
[SourceVersionDate "2023.03.31"]
[SourceQuality "1"]

1. e4 c5 2. Nf3 Nf6 3. Nc3 d5 4. e5 Nfd7 5. d4 e6 6. Ne2 Nc6 7. c3 cxd4 8. cxd4 f6 9. Nf4 Bb4+ 10. Bd2 Qe7 11. Nd3 Bxd2+ 12. Qxd2 fxe5 13. dxe5 0-0 14. Be2 Rf5 15. g4 Rf8 16. Rc1 Qf7 17. Qe3 Nb6 18. b3 d4 19. Nxd4 Nd5 20. Qe4 Bd7 21. 0-0 Nxd4 22. Qxd4 Bc6 23. f4 Rad8 24. f5 Ne7 25. Qe3 exf5 26. Nf4 Qe8 27. Bc4+ Kh8 28. Ne6 f4 29. Rxf4 Rxf4 30. Qxf4 Ng6 31. Qe3 Rd7 32. Nd4 Nxe5 33. Nxc6 bxc6 34. Re1 Re7 35. Re2 Qd7 1/2-1/2

[Event "Florianopolis op 9th"]
[Site "Florianopolis"]
[Date "2023.01.26"]
[Round "5"]
[White "Caetano, Ryan Wesley da Cost"]
[Black "Delgado Ramirez, Neuris"]
[Result "0-1"]
[WhiteElo "2240"]
[BlackElo "2562"]
[PlyCount "134"]
[EventDate "2023.01.23"]
[EventType "swiss"]
[EventRounds "10"]
[EventCountry "BRA"]
[SourceTitle "CBM 212 Extra"]
[Source "ChessBase"]
[SourceDate "2023.03.31"]
[SourceVersion "1"]
[SourceVersionDate "2023.03.31"]
[SourceQuality "1"]

1. d4 Nf6 2. c4 e6 3. Nc3 Bb4 4. Qc2 d5 5. a3 Bxc3+ 6. Qxc3 0-0 7. Nf3 dxc4 8. Qxc4 b6 9. Bg5 Ba6 10. Qc2 c5 11. Rd1 cxd4 12. Rxd4 Qc8 13. Qxc8 Rxc8 14. Bxf6 gxf6 15. e3 Bb7 16. Be2 Bd5 17. 0-0 Nc6 18. Rg4+ Kh8 19. e4 Bb3 20. Rf4 Kg7 21. Rg4+ Kf8 22. Rh4 Kg7 23. Rg4+ Kh8 24. Rf4 Ne7 25. Rxf6 Kg7 26. Rf4 Rc2 27. Rg4+ Ng6 28. Nd4 Rd2 29. Nxb3 Rxe2 30. Nc1 Rxb2 31. f4 f5 32. exf5 exf5 33. Rg5 Kf6 34. Rh5 Rd8 35. Rxh7 Rdd2 36. g3 Nf8 37. Rh6+ Kg7 38. Rh3 Nd7 39. g4 Rg2+ 40. Kh1 Rxg4 41. Nd3 Rb3 42. Nf2 Rxh3 43. Nxh3 Nc5 44. Rg1 Kf6 45. Rg3 Ne6 46. Rf3 b5 47. Rb3 a6 48. Rb4 Ke7 49. a4 Kd6 50. axb5 Kc5 51. Rb1 axb5 52. Nf2 Rg7 53. Re1 Nd4 54. Nd3+ Kc4 55. Ne5+ Kd5 56. h3 b4 57. Kh2 b3 58. Rb1 Rb7 59. h4 Ke4 60. Kh3 Kxf4 61. Ng6+ Ke3 62. h5 Rh7 63. Kh4 Nf3+ 64. Kg3 Nd2 65. Re1+ Kd4 66. Rd1 Kc3 67. Rc1+ Kb4 0-1

[Event "Mercosur Cup 24th"]
[Site "Buenos Aires"]
[Date "2022.11.06"]
[Round "7"]
[White "Fiorito, Joaquin"]
[Black "Caetano, Ryan Wesley da Cost"]
[Result "0-1"]
[WhiteElo "2344"]
[BlackElo "2208"]
[PlyCount "90"]
[EventDate "2022.10.31"]
[EventType "tourn"]
[EventRounds "9"]
[EventCountry "ARG"]
[EventCategory "2"]
[SourceTitle "CBM 211 Extra"]
[Source "ChessBase"]
[SourceDate "2023.01.31"]
[SourceVersion "1"]
[SourceVersionDate "2023.01.31"]
[SourceQuality "1"]

1. e4 c5 2. Nc3 d6 3. d4 cxd4 4. Qxd4 Nc6 5. Qd2 g6 6. b3 Bh6 7. f4 Nf6 8. Bb2 0-0 9. 0-0-0 e5 10. g3 Nd4 11. Kb1 Bg4 12. Re1 Rc8 13. Qd3 Nd7 14. h3 Be6 15. Nf3 Bg7 16. Bg2 Qa5 17. Nxd4 exd4 18. Qb5 Qc7 19. f5 dxc3 20. Ba3 a6 21. Qf1 Qa5 22. Bc1 gxf5 23. exf5 Qxf5 24. Qe2 Qa5 25. Be4 Nf6 26. Bd3 Rfe8 27. Qf2 Nd5 28. a3 Qc5 29. Qf3 Nf6 30. Rhf1 a5 31. Qf4 a4 32. Qh4 Qh5 33. Qxa4 Bd7 34. Qf4 Bxh3 35. Rxe8+ Rxe8 36. Rh1 Qg4 37. Qxd6 Bg2 38. Rh4 Qe6 39. Qf4 Be4 40. Bc4 Qe5 41. Qf2 Bg6 42. Rf4 b5 43. Bf1 Ne4 44. Qb6 Nd2+ 45. Ka2 Bxc2 0-1

[Event "Mercosur Cup 24th"]
[Site "Buenos Aires"]
[Date "2022.11.02"]
[Round "3"]
[White "Saldano Dayer, Horacio"]
[Black "Caetano, Ryan Wesley da Cost"]
[Result "1-0"]
[WhiteElo "2402"]
[BlackElo "2208"]
[PlyCount "85"]
[EventDate "2022.10.31"]
[EventType "tourn"]
[EventRounds "9"]
[EventCountry "ARG"]
[EventCategory "2"]
[SourceTitle "CBM 211 Extra"]
[Source "ChessBase"]
[SourceDate "2023.01.31"]
[SourceVersion "1"]
[SourceVersionDate "2023.01.31"]
[SourceQuality "1"]

1. Nf3 Nf6 2. g3 g6 3. Bg2 Bg7 4. 0-0 0-0 5. c4 c6 6. d4 d5 7. cxd5 cxd5 8. Nc3 Nc6 9. Ne5 e6 10. f4 Nd7 11. Kh1 Qb6 12. e3 Ndxe5 13. fxe5 Bd7 14. Na4 Qc7 15. b3 Ne7 16. Ba3 Bxa4 17. bxa4 Rfd8 18. Qf3 Nc6 19. Rf2 Rd7 20. Bh3 Qa5 21. Raf1 Nd8 22. Bd6 Rc8 23. e4 dxe4 24. Qxe4 Qxa4 25. Qe3 Qc4 26. Qf4 b6 27. Bg2 Nb7 28. Ba3 Qa4 29. Bb2 Nd8 30. h4 Rc2 31. Kh2 Rxf2 32. Rxf2 Nc6 33. Qe4 Nd8 34. h5 Qd1 35. Bf3 Qa4 36. Qf4 Rc7 37. h6 Bf8 38. Qf6 Rc2 39. Rg2 Rxg2+ 40. Bxg2 Qxa2 41. Bc1 Nc6 42. d5 Nxe5 43. Qxe5 1-0

[Event "Titled Tuesday intern op 18th Oct Early"]
[Site "Chess.com INT"]
[Date "2022.10.18"]
[Round "3"]
[White "Itkis, Boris"]
[Black "Caetano, Ryan Wesley da Cost"]
[Result "1-0"]
[WhiteElo "2332"]
[BlackElo "2207"]
[PlyCount "102"]
[EventDate "2022.10.18"]
[EventType "swiss (blitz)"]
[EventRounds "11"]
[EventCountry "USA"]
[SourceTitle "EXT 2024"]
[Source "ChessBase"]
[SourceDate "2023.10.10"]
[SourceVersion "1"]
[SourceVersionDate "2023.10.10"]
[SourceQuality "1"]

1. c4 e5 2. Nf3 Nc6 3. Nc3 Nf6 4. e4 g6 5. g3 Bg7 6. Bg2 0-0 7. 0-0 d6 8. d4 exd4 9. Nxd4 Re8 10. Be3 Bd7 11. h3 Qc8 12. Kh2 a5 13. Rc1 Nb8 14. Ndb5 Na6 15. Bd4 Nc5 16. e5 Rxe5 17. Bxe5 dxe5 18. Re1 Be6 19. b3 c6 20. Nd6 Qc7 21. Nde4 Nfxe4 22. Nxe4 Nxe4 23. Bxe4 f5 24. Bg2 h5 25. Qd2 h4 26. Rcd1 hxg3+ 27. fxg3 a4 28. Qd6 Qf7 29. Rxe5 Bxe5 30. Qxe5 axb3 31. axb3 Re8 32. Qf4 c5 33. Re1 Kg7 34. Qe5+ Qf6 35. Qxc5 Qb2 36. Qe5+ Qxe5 37. Rxe5 Kf6 38. Rb5 Rd8 39. Rxb7 Rd2 40. Rb6 Ke5 41. Kg1 g5 42. c5 Rb2 43. b4 f4 44. gxf4+ gxf4 45. c6 Bf5 46. c7 Kd4 47. Rb8 Ke3 48. Re8+ Kd2 49. c8Q Bxc8 50. Rxc8 Ke3 51. Re8+ Kd3 1-0

[Event "Concordia op 6th"]
[Site "Concordia"]
[Date "2022.10.13"]
[Round "4"]
[White "Caetano, Ryan Wesley da Cost"]
[Black "Cubas, Jose Fernando"]
[Result "0-1"]
[WhiteElo "2207"]
[BlackElo "2468"]
[PlyCount "58"]
[EventDate "2022.10.12"]
[EventType "swiss"]
[EventRounds "9"]
[EventCountry "BRA"]
[SourceTitle "CBM 210 Extra"]
[Source "ChessBase"]
[SourceDate "2022.11.30"]
[SourceVersion "1"]
[SourceVersionDate "2022.11.30"]
[SourceQuality "1"]

1. d4 d5 2. c4 c6 3. Nc3 Nf6 4. Nf3 dxc4 5. a4 Bf5 6. e3 e6 7. Bxc4 Bb4 8. 0-0 Nbd7 9. Qe2 Bg6 10. h3 0-0 11. Nh4 Bh5 12. g4 Nd5 13. Ng2 Bg6 14. Bd2 a5 15. e4 N5b6 16. Ba2 c5 17. f4 cxd4 18. Nb1 d3 19. Qf3 Nc5 20. f5 Qd4+ 21. Be3 Qxb2 22. Nd2 Nbxa4 23. Nc4 Qe2 24. Qf4 Nc3 25. fxg6 fxg6 26. Qe5 Rxf1+ 27. Rxf1 Qxa2 28. Nb6 N5xe4 29. Nxa8 Bd6 0-1

[Event "Concordia op 6th"]
[Site "Concordia"]
[Date "2022.10.13"]
[Round "3"]
[White "Kazuhiro Shikasho, Erik"]
[Black "Caetano, Ryan Wesley da Cost"]
[Result "0-1"]
[WhiteElo "1895"]
[BlackElo "2207"]
[PlyCount "120"]
[EventDate "2022.10.12"]
[EventType "swiss"]
[EventRounds "9"]
[EventCountry "BRA"]
[SourceTitle "CBM 210 Extra"]
[Source "ChessBase"]
[SourceDate "2022.11.30"]
[SourceVersion "1"]
[SourceVersionDate "2022.11.30"]
[SourceQuality "1"]

1. e4 c5 2. Nf3 d6 3. d4 cxd4 4. Nxd4 Nf6 5. Nc3 a6 6. Bd3 g6 7. f3 Bg7 8. Be3 Nc6 9. Qd2 0-0 10. 0-0-0 Nxd4 11. Bxd4 b5 12. h4 Be6 13. Nd5 Bxd5 14. exd5 b4 15. h5 Qa5 16. Kb1 Qxd5 17. Bxf6 Bxf6 18. hxg6 Qe5 19. Qc1 Bg5 20. gxh7+ Kh8 21. Rde1 Bxc1 22. Rxe5 dxe5 23. Kxc1 a5 24. Kd2 Kg7 25. Rh5 f6 26. Bc4 Rad8+ 27. Ke2 Rc8 28. Bg8 Kh8 29. Bb3 Rc5 30. Kd2 Rd8+ 31. Kc1 Ra8 32. a3 bxa3 33. bxa3 a4 34. Be6 Rc3 35. Kb2 Rc6 36. Bd7 Rc7 37. Bf5 Rb8+ 38. Kc1 Rc3 39. Rh4 Rxa3 40. Rc4 Ra1+ 41. Kd2 a3 42. Ra4 a2 43. g4 Kg7 44. Ra7 Kh6 45. Be6 Kxh7 46. Rxe7+ Kh8 47. Ra7 Rf1 48. Bxa2 Rxf3 49. Re7 Rc8 50. Be6 Rf2+ 51. Kd3 Rcxc2 52. Rf7 Rcd2+ 53. Ke3 Rde2+ 54. Kd3 Re1 55. Bf5 Kg8 56. Rxf6 e4+ 57. Kd4 e3 58. Re6 Rd2+ 59. Bd3 Rg2 60. Re4 e2 0-1